000 00787nam a2200205Ia 4500
005 20260121110124.0
008 008 260114s9999 xx 000 0 hin d
020 _a9788132300052
037 _aEBOOK
040 _aCRL
_bhin
_cCRL
041 _ahin
_2hin
084 _qCRL
100 _aमधुबाला / Madhubala
_9942315
245 0 _aमौर्य साम्राज्य और राज्य व्यवस्था (320 ई-पूर्व से 185 ई-पूर्व तक) / Maurya samrajya aur rajya vyavastha (320 E-purva se 185 E-purva tak)
260 _bभाषा प्रकाशन / Bhasha Prakashan
_c2020
856 _uhttps://bhashaprakashan.com/product-details/377404
942 _cEBOOK
999 _c1533980
_d1533980